00926nam a2200265 i 4500001000300000003000900003005001700012008003900029015001700068020001600085020001600101040003500117080001000152080001200162245013000174250002000304260004800324300002800372504002300400655003000423650002800453710003400481700004700515856009800562bgKOSZ 00520200408130726.0061010s2002 pl a f f |000 0 pol aPB 6678/2002 a8301142928  a8301142936  cKOSZ 005/HRaWA NdKOSZ 005/HR a519.2 a(075.8)00aRachunek prawdopodobieństwa i statystyka matematyczna w zadaniach.nCz.2,pStatystyka matematyczna /cW. Krysicki [et al.]. aWyd. 8, 3 dodr. aWarszawa :bWydawnictwo Naukowe PWN,c2002. a328 s. :bil. ;c24 cm. aBibliogr. Indeksy. 4aPodręczniki akademickie 4aStatystyka matematyczna2 aWydawnictwo Naukowe PWN4pbl.1 aKrysicki, Włodzimierzd(1905-2001)eAutor uhttp://koha.tu.koszalin.pl/cgi-bin/koha/opac-detail.pl?biblionumber=51609yKatalog online BPK